Footballers & political leaders - Statistics

General Stats
  • This quiz has been taken 7 times
  • The average score is 7 of 12
Answer Stats
Player World Leader % Correct
Harry Kane Boris Johnson (Spurs, UK)
100%
Landon Donovan Joe Biden (LA Galaxy, USA)
100%
Robert Lewandowski Angela Merkel (Bayern Munich, Germany)
80%
Neymar Emmanuel Macron (PSG, France)
80%
Rinat Dasayev Vladimir Putin (Spartak Moscow, Russia)
80%
Xu Qing Xi Jinping (Xinjiang Tianshan Leopard, China)
80%
Pelé Jair Bolsonaro (Santos, Brazil)
60%
Lionel Messi Pedro Sánchez (Barcelona, Spain)
60%
Oleg Kuznetsov Volodymyr Zelenskyy (Dynamo Kiev, Ukraine)
40%
Diego Maradona Giuseppe Conte (Napoli, Italy)
20%
Ghanam Mohamed Mostafa Madbouly (Modern Future FC, Egypt)
20%
Yuma Suzuki Yoshihide Suga (Kashima Antlers, Japan)
0%
No matching quizzes found
Score Distribution
Percent of People with Each Score
Percentile by Number Answered
Your Score History
You have not taken this quiz